Pla d'acció cultural de la Vallalta
MARC
| LEADER | 00000nam a2200000Ia 4500 | ||
|---|---|---|---|
| 001 | 19425 | ||
| 008 | 160829s2007 xx 000 0 cat d | ||
| 080 | |a M-5-441 | ||
| 245 | |a Pla d'acció cultural de la Vallalta | ||
| 260 | |a Barcelona : |b Diputació de Barcelona. Àrea de Cultura. Centre d'Estudis i Recursos Culturals (CERC) : |b Ajuntament de Sant Pol de Mar : |b Ajuntament de Sant Cebrià de Vallalta : |b Ajuntament de Sant Iscle de Vallalta, |c 2007 | ||
| 300 | |a 72 p. ; |c 30 cm | ||
| 651 | 0 | |a Sant Cebrià de Vallalta (Catalunya) |x Política cultural |9 55163 | |
| 651 | 0 | |a Sant Iscle de Vallalta (Catalunya) |x Política cultural |9 55164 | |
| 651 | 0 | |a Sant Pol de Mar (Catalunya) |x Política cultural |9 55165 | |
| 710 | 1 | |a Barcelona (Catalunya : Província). |b Centre d'Estudis i Recursos Culturals |9 52487 | |
| 710 | 1 | |a Barcelona (Catalunya : Província). |b Àrea de Cultura |9 53536 | |
| 710 | |a Sant Pol de Mar (Catalunya). |b Ajuntament |9 53913 | ||
| 710 | 1 | |a Sant Cebrià de Vallalta (Catalunya). |b Ajuntament |9 54396 | |
| 710 | 1 | |a Sant Iscle de Vallalta (Catalunya). |b Ajuntament |9 55489 | |
| 901 | |a Arxiu | ||
| 942 | |n 1 | ||
| 952 | |0 0 |1 0 |4 0 |6 M5441 |7 1 |9 49381 |a Arxiu |b Arxiu |d 2016-12-01 |l 0 |o M-5-441 |p 19425 |r 2016-12-01 00:00:00 |w 2016-12-01 |y ARXIU | ||
| 999 | |c 53223 |d 53223 | ||